00318nam a22000977a 4500008004100000082001700041110000800058245010900066260003600175300000900211230609b xxu||||| |||| 00| 0 eng d a354.676bGoK bGoK a2015/2016 Estimates of Recurrent Expenditure of the Gok For the year Ending 30 th June, 2016bJune, 2015 aNairobi, KenyabGokcJune, 2015 a805p